Online Catalogue and eLibrary

Gendered Fields: (Record no. 1586)

MARC details
000 -LEADER
fixed length control field 00562nam a2200229Ia 4500
005 - DATE AND TIME OF LATEST TRANSACTION
control field 20250115014148.0
008 - FIXED-LENGTH DATA ELEMENTS--GENERAL INFORMATION
fixed length control field 240331s9999 xx 000 0 und d
020 ## - INTERNATIONAL STANDARD BOOK NUMBER
ISBN 0415062527
082 ## - DDC Classification
Item Number - Author Mark DIA
DDC Edition Number 3629
Class No. 305.3
245 #0 - TITLE STATEMENT
Title Gendered Fields:
Remainder of title Women, Men & Ethnography
260 ## - PUBLICATION, DISTRIBUTION, ETC.
Place of publication, distribution, etc. London
-- New York
Name of publisher, distributor, etc. Routledge
Date of publication, distribution, etc. 1993
300 ## - PHYSICAL DESCRIPTION
Extent (e.g. Volumes, Pages etc.) xiv, 260 p.,
650 ## - SUBJECT ADDED ENTRY--TOPICAL TERM
Topical term or geographic name entry element Gender
650 ## - SUBJECT ADDED ENTRY--TOPICAL TERM
Topical term or geographic name entry element Ethnography
650 ## - SUBJECT ADDED ENTRY--TOPICAL TERM
Topical term or geographic name entry element Men
650 ## - SUBJECT ADDED ENTRY--TOPICAL TERM
Topical term or geographic name entry element Women
650 ## - SUBJECT ADDED ENTRY--TOPICAL TERM
Topical term or geographic name entry element Feminism
700 ## - ADDED ENTRY--PERSONAL NAME
Personal name Bell, D
Relator term (Role) Editor
700 ## - ADDED ENTRY--PERSONAL NAME
Personal name Caplan, P
Relator term (Role) Editor
700 ## - ADDED ENTRY--PERSONAL NAME
Personal name Karim, W. J
Relator term (Role) Editor
942 ## - Koha item type (Biblio)
Koha item type Books in Stacks (Lending)
Holdings
Lost status Damaged status Collection code Home library Current library Shelving location Date acquired Full call number Accession Number Item type
    Lending WERC Library WERC Library Social Science Cupboard 03/31/2024 305.3 GEN 3629 Books in Stacks (Lending)

© WERC Library